000 02676nam a2200505 c 4500
003 BLK
005 20250422093224.0
008 180408b bul|||||r ||||||| ||bul||
010 _aKNG00089555000
020 _a978-954-28-0473-4
_bиздат.: Сиела Софт енд Паблишинг
040 _aBLK
041 _aBUL
_cBUL
080 _aБългарска литература
_b821.163.2
_x-94
_z821.163.2-94
080 _aМузикални изпълнители (инструменталисти, певци), интерпретатори, диригенти
_b78.071.2
_x(497.2)(092)(093.3)(0:82-9)
_z78.071.2(497.2)(092)(093.3)(0:82-9)
080 _aПетрова, Лили Иванова. Българска естрадна певица
_b929 Иванова, Лили
_x
_z929 Иванова, Лили
100 _aИванова, Лили
_d1939 -
_qПетрова, Лиляна Иванова ; Петрова, Лили Иванова
_9278725
700 1 _aКарбовски, Мартин
_eред.
_gБогданов, Мартин Кирилов
_977006
139 _aИванова, Лили
_bИ 22
245 1 0 _aИстината
_cЛили Иванова; ред. Мартин Карбовски.
257 _aBGR
260 София
_bСиела Софт енд Паблишинг
_c2009
300 _a272 с., 24 л.
_bсн.
_c22 см
380 _aX
500 _aПълното име на авт. е Лили Иванова Петрова ; Истинското име на ред. М. Карбовски е Мартин Кирилов Богданов. - Офс. изд. - Съдържа и Discographie 1963 - 2003.
590 _aф
600 0 _aИванова, Лили
_d1939 -
_qПетрова, Лиляна Иванова ; Петрова, Лили Иванова
_9278725
650 4 _aИванова, Лили
_9278725
650 4 _aПевци, български
_9262635
650 4 _aМузиканти, български - мемоари, спомени, интервюта
_9255674
650 4 _aЕстрадни изпълнители, български - спомени
_9266318
651 4 _aБългария
_9241624
653 _aЛили Иванова
653 _aбългарски певци
653 _aбългарски музиканти
653 _aестрадни певци
653 _aбиографии
653 _aспомени
653 _aмемоари
852 _aЦб 244046
856 4 _qpdf
_u
856 4 _qpdf
_u
942 _cKNG
_n0
_075
944 _aCR
_c19.05.2009
_lМинев Младен
_k30530
944 _aED
_c13.09.2010
_lф /
_k
999 _c84960
_d84960